Haltestellen in Potsdam - Statistiken

Allgemein
  • Dieses Quiz wurde 101 mal gespielt
    81 seit der letzten Aktualisierung
  • Das Durchschnittsergebnis liegt bei 42 aus 271
Antwortstatistiken
Linien Haltestelle % Korrekt
91, 92, 93, 96, 98, 99 580, 601, 603, 604, 605, 607, 608, 611, 614, 619, 631, 643, 650, 690, 691,
694, 695, 715, 750, X5,
X15, BER2
Hauptbahnhof
86%
91, 92, 94, 96, 98, 603,604, 605, 610, 614, 692, X5, X15 Platz der Einheit/West
72%
694 S Hauptbahnhof/Nord ILB
67%
91, 92, 93, 96, 98, 99, 694 Lange Brücke
60%
92, 96, 603, 604 Rathaus
60%
91, 92, 93, 94, 96, 98,603, 604, 605, 610, 614, X15 Alter Markt/Landtag
57%
92, 96, 604 Nauener Tor
57%
91, 94, 98, 605, 610, 614,631, 692 Dortustraße
55%
91, 94, 98, 605, 610, 631, 695, X5 Luisenplatz-Süd / Park Sanssouci
55%
92, 96, 604 Brandenburger Straße
53%
91, 92, 93, 96, 98 Friedhöfe
52%
92, 612, 614, 692, 697, 698 Kirschallee
52%
93, 94, 99, 692 Platz der Einheit/Bildungsforum
52%
99 Platz der Einheit/Nord
52%
94, 99, 601, 616, 690, 693, 694 Rathaus Babelsberg
48%
96, 609, 612, 638, 692,697 Campus Jungfernsee
47%
91, 94, 697 Bahnhof Pirschheide
45%
91, 94, 98, 580, 605, 610, 631 Feuerbachstraße
45%
92, 96 Bisamkiez
43%
614, 692, 695, X15 Luisenplatz-Nord / Park Sanssouci
43%
92, 96, 118, 601, 619, 690, 694, 699 Johannes-Kepler-Platz
41%
91, 94, 98, 605, 610, 631,X5 Bahnhof Charlottenhof
38%
91, 93, 98, 611, 693, 699 Bahnhof Rehbrücke
38%
91, 92, 93, 96, 98 Sporthalle
38%
96 Volkspark
38%
92, 96, 612, 697 Campus Fachhochschule
36%
93 Glienicker Brücke
36%
692 Klinikum
36%
605, 697, X5 Neues Palais
36%
96 Rote Kaserne
36%
604, 697 Rote Kaserne/Nedlitzer Straße
36%
92, 96, 604, 697 Am Schragen
34%
601, 619, 690, 696 Bahnhof Medienstadt Babelsberg
34%
605, 610, 697, X5 Bahnhof Park Sanssouci
33%
601, 619, 690 Filmpark
33%
92, 96 Puschkinallee
33%
93 Schiffbauergasse/Berliner Straße
33%
605, 612, 695, 698, X5 Bahnhof Golm
31%
91, 94, 631 Luftschiffhafen
31%
631, 692, X15 Luisenplatz-Ost / Park Sanssouci
31%
619, 693, 715, 750 S Babelsberg/Lutherplatz
31%
94, 99, 694 Alt Nowawes
29%
93, 94, 99 Holzmarktstraße
29%
92, 96, 693 Magnus-Zeller-Platz
29%
92, 96 Turmstraße
29%
91, 93, 98, 693 Am Moosfenn
28%
91, 94, 98, 605 Auf dem Kiewitt
28%
94, 99, 694 Fontanestraße
28%
694 Hiroshima-Nagasaki-Platz
28%
92, 96 Marie-Juchacz-Straße
28%
91, 94, 98, 605, 610, X5 Schloss Charlottenhof
28%
91, 92, 93, 96, 98, 611 Waldstraße/Horstweg
28%
92, 96 Gaußstraße
26%
694 Humboldtring/Lotte-Pulewka-Straße
26%
91, 94, 98, 605, 610, X5 Kastanienallee/Zeppelinstraße
26%
601, 690, 696 Katjes
26%
91, 92, 93, 96, 98 Kunersdorfer Straße
26%
92, 96, 696, 699 Robert-Baberske-Straße
26%
93, 94, 99, 692 Burgstraße/Klinikum
24%
92, 96, 696, 699 Hans-Albers-Straße
24%
694 Hermannswerder/Küsselstraße
24%
92, 96, 690, 694 Max-Born-Straße
24%
695 Orangerie/Botanischer Garten
24%
94, 99 Schiffbauergasse/Uferweg
24%
694, 696, 699 Stern-Center/Gerlachstraße
24%
96 Viereckremise
24%
605, 612, 695, 697 Abzweig nach Eiche
22%
601, 619, 690 Am Findling/Willi-Frohwein-Platz
22%
692, 695 Jägertor/Justizzentrum
22%
188, 690, 715, 750, X1,BER2 Stern-Center/Nuthestraße
22%
601, 619, 690, 715, 750 Übergang
22%
92, 96, 601, 690, 696 Abzweig Betriebshof VIP
21%
92, 96 Am Hirtengraben
21%
91, 93, 98, 611 Friedrich-Wolf-Straße
21%
601, 619, 690, 715, 750 Schlaatzstraße
21%
91, 93, 98 Zum Kahleberg
21%
612, 614, 650, 692, 697,698 Amundsenstraße/Potsdamer Straße
19%
601, 690, 696 Betriebshof VIP
19%
699 Drewitzer Straße/Am Buchhorst
19%
601, 619, 690, 693, 715, 750 Horstweg/Großbeerenstraße
19%
696, 699 Konrad-Wolf-Allee/Sternstraße
19%
118, 601, 619, 694 Neuendorfer Straße/Mendelson-Bartholdy-Straße
19%
94, 99, 616, 694 Plantagenstraße
19%
92, 96, 603, 604 Reiterweg/Alleestraße
19%
94, 99 S Babelsberg/Wattstraße
19%
605, 612, 695, 698 Science Park West
19%
91, 94, 98, 605, X5 Bahnhof Charlottenhof/Geschwister-Scholl-Straße
17%
693 Eduard-Claudius-Straße/Drewitzer Straße
17%
91, 93, 98, 611 Eduard-Claudius-Straße/Heinrich-Mann-Allee
17%
694, 696, 699 Gerlachstraße
17%
94, 99 Humboldtring/Nuthestraße
17%
614, 650, 692 Kirche Bornim
17%
580, 695 Naturkundemuseum
17%
92, 96 Priesterweg
17%
695, X15 Schloss Sanssouci
17%
614, 650 Schloss Sanssouci/Bornstedter Straße
17%
118, 694 Stadtwerke
17%
605, 612, 695, X5 Studentenwohnheim Eiche
17%
94, 99 Anhaltstraße
16%
603, 692 Bassinplatz
16%
118, 601, 694 Chopinstraße
16%
693 Drewitzer Straße/E.-Weinert-Straße
16%
607, 694 Finkenweg/Brauhausberg
16%
92 Hannes-Meyer-Straße
16%
118, 694 Hubertusdamm/Steinstraße
16%
692 Institut für Agrartechnik
16%
616 Karl-Liebknecht-Stadion
16%
601, 619, 690 Kleine Straße
16%
601, 616, 690, 693 S Babelsberg/Schulstraße
16%
616 Sternwarte
16%
694 Wiesenstraße/Lotte-Pulewka-Straße
16%
695 Alt-Golm
14%
118, 694 In der Aue
14%
118, 601, 694 Jagdhausstraße
14%
616 Karl-Marx-Straße/Behringstraße
14%
616 Schloss Babelsberg
14%
691 Telegrafenberg
14%
605, 612, 695 Am alten Mörtelwerk
12%
638 Am Schlahn
12%
611, 699 Bergholz-Rehbrücke, Verdistraße
12%
605, 697, X5 Campus Universität/Abraham-Geiger-Kolleg
12%
601, 619, 690 Eichenweg
12%
693 Falkenhorst
12%
601, 619, 690 Heinrich-von-Kleist-Straße
12%
93 Mangerstraße
12%
690, 694 Otto-Hahn-Ring
12%
694 Rote-Kreuz-Straße
12%
616, 694 Spindelstraße
12%
616, 694, 696 Stahnsdorfer Straße/August-Bebel-Straße
12%
696 Studio Babelsberg
12%
612, 614, 650, 692, 697,698 Thaerstraße
12%
699 Zum Heizwerk
12%
693 Am Fenn
10%
603 Am Neuen Garten/Große Weinmeisterstraße
10%
699 An der Brauerei
10%
611, 699 Bahnhof Rehbrücke/Süd
10%
699 Drewitz-Ort
10%
614, 650, 692, 698 Florastraße
10%
614, 650, X15 Friedenskirche
10%
616 Goetheplatz
10%
91, 94, 631 Im Bogen/Zeppelinstraße
10%
92, 612, 692, 697 Johan-Bouman-Platz
10%
605, 612, 695 Kaiser-Friedrich-Straße / Polizei
10%
616 Lindenpark
10%
91, 94, 98, 605 Schillerplatz/Schafgraben
10%
698 Sportplatz Bornim
10%
699 Trebbiner Straße
10%
692 Weißer See
10%
118, 694 Am Gehölz
9%
604, 638, 639 Am Park
9%
604, 609, 638, 697 Bassewitz
9%
638 Birkenweg
9%
695 Brentanoweg
9%
605, 612 Eichenring
9%
608, 643, 694 Finkenweg/Leipziger Straße
9%
638 Hechtsprung
9%
604, 609, 638, 697 Heinrich-Heine-Weg
9%
118, 601, 619, 694 Lilienthalstraße
9%
692, 695 Mauerstraße
9%
694 Otto-Erich-Straße
9%
692, 695 Reiterweg/Jägerallee
9%
609 Satzkorn
9%
693 Schilfhof
9%
603 Schloss Cecilienhof
9%
692 Abzweig nach Nedlitz
7%
609 Am Uppstall
7%
605, 612 Golmer Fichten
7%
616 Hermann-Maaß-Straße
7%
603 Höhenstraße
7%
698, 695 Kirche Golm
7%
638, 697 Krampnitzsee
7%
605, 612 Mehlbeerenweg
7%
614, 650 Ribbeckstraße
7%
580, 695 Schlossstraße
7%
692 Schneiderremise
7%
695, 698, X5 Science Park / Universität
7%
608, 643 Tierheim
7%
692 TÜV-Akademie
7%
580, 631, 697 Zum Bahnhof Pirschheide
7%
605, 612 Zum Großen Herzberg
7%
638 Am Anger
5%
605, 612, 695 Am Grünen Weg
5%
604, 697 Am Pfingstberg
5%
638 Bullenwinkel
5%
695 Ecksteinweg
5%
607 Forsthaus Templin
5%
694 Freiligrathstraße
5%
694 Kreuzstraße
5%
692 Rückertstraße
5%
612, 692, 697 Ruinenbergstraße
5%
638 Sacrower Allee
5%
692 Schlegelstraße/Pappelallee
5%
609 Schule Fahrland
5%
609, 614, 650 Schule Marquardt
5%
607, 608, 643, 694 Templiner Eck
5%
604 Theodor-Fontane-Straße
5%
693 Unter den Eichen
5%
604, 639 Waldsiedlung Groß Glienicke
5%
698 Weinmeisterstraße
5%
691 Zum Telegrafenberg
5%
607, 694 Alter Tornow
3%
697 Am Hämphorn
3%
695, X5 Baumschulenweg
3%
608, 643 Deutscher Wetterdienst
3%
695 Drachenhaus
3%
609 Eisbergstücke
3%
698 Gutsstraße
3%
694 Hoffbauerstiftung
3%
612, 697 Katharinenholzstraße
3%
638 Kirche Groß Glienicke
3%
609 Kirche Kartzow
3%
610 Kuhfort
3%
695 Kuhfortdamm
3%
614, 650, 692 Lindstedter Chaussee
3%
93 Ludwig-Richter-Straße
3%
697 Sacrower See
3%
616 Scheffelstraße
3%
697 Schloss Sacrow
3%
694 Schwimmhalle am Brauhausberg
3%
616, 694, 696 S Griebnitzsee Bahnhof/Süd
3%
610, 697 Werderscher Damm/Forststraße
3%
612 Am Küssel
2%
695 Am Urnenfeld
2%
609, 614, 650 Am Wald
2%
631 Bayrisches Haus
2%
695 Ehrenpfortenbergstraße
2%
609, 614, 650 Eisenbahnbrücke Marquardt
2%
609 Fahrländer See
2%
638 Friedrich-Günther-Park
2%
698 Geiselberg
2%
603 Hebbelstraße
2%
614, 650 Heineberg
2%
609 Im Winkel
2%
609 Kienhorststraße
2%
603 Kleine Weinmeisterstraße
2%
604, 639 Landesumweltamt
2%
608, 643 Michendorfer Chaussee/Friedhof
2%
608, 643 Nesselgrund
2%
609, 638, 697 Römerschanze
2%
616 Rotdornweg/Stahnsdorfer Straße
2%
697 Rotkehlchenweg
2%
609, 614, 650 Schloss Marquardt
2%
697 Schlüterstraße/Forststraße
2%
697 Sonnenlandstraße
2%
694 Tornowstraße
2%
610 Wasserwerk Wildpark
2%
697 Weinmeisterweg
2%
697 Zedlitzberg
2%
691 Am Havelblick
0%
604, 609, 638, 692, 697 Amundsenstraße/Nedlitzer Straße
0%
609 An der Windmühle
0%
603 Birkenstraße/Alleestraße
0%
609, 614, 650 Fährweg
0%
603 Glumestraße
0%
698 Hermann-Struve-Straße
0%
92 Horst-Bienek-Straße
0%
697 Im Bogen/Forststraße
0%
609 Kaiserplatz
0%
609 Ketziner Straße
0%
609 Kienheide
0%
607 Kieskutenberg
0%
609, 614, 650 Kirche Uetz
0%
692 Kläranlage Potsdam-Nord
0%
603 Langhansstraße
0%
692 Lerchensteig
0%
609, 614, 650 Paaren
0%
603 Persiusstraße
0%
609 Plantagenweg
0%
614, 650 Sacrow-Paretzer-Kanal
0%
612 Schlänitzseer Weg
0%
612 Wublitzstraße
0%
Keine übereinstimmenden Quizze gefunden
Verteilung der Resultate
Anzahl Personen mit jedem Resultat
Perzentil nach korrekt beantworteten Fragen
Ihre Resultats-Entwicklung
Sie haben dieses Quiz seit der letzten Aktualisierung nicht gespielt